000 00447nam a2200193Ia 4500
008 101110s9999 xx 000 0 und d
041 _aENGLISH
082 _bSR19100
100 _aKishnadwala, Shetty
245 _aAuditing - T.Y.B.Com.
365 _b55
520 _aCommerce
546 _aENGLISH
630 _aAuditing - T.Y.B.Com.
650 _aCommerce
655 _aCommerce
730 _aAuditing - T.Y.B.Com.
942 _cBOOK
999 _c812454
_d812451